000 00300nam a22001337a 4500
008 171019b xxu||||| |||| 00| 0 eng d
020 _a9780805828450
041 _aeng
080 _a338
100 _a54
101 _aMEN
245 _aIMPROVING TEAMWORK ORGANIZATIONS
_cSALA.E
942 _2udc
_cBK
999 _c35002
_d35002